000
00309nam a22001337a 4500
008
180925b xxu||||| |||| 00| 0 eng d
020
_a
394322711
041
_a
eng
080
_2
3 ED
_a
330
100
_a
52
101
_a
ECO
245
_a
Comercial Banking In The Economy
_c
Nadker.P.S
942
_2
udc
_c
BK
999
_c
48452
_d
48452